000 00220nam a2200085Ia 4500
245 0 _aScience math
100 _a Stosch, Dawn New York, [c.2009]
_9100494
942 _cBK
008 210818s9999 xx 000 0 und d
999 _c431355
_d431354